Hidden US States Quiz Stats

 Plays Quiz Updated May 14, 2018

Challenge
Share
Tweet
Score 0/48 Timer 04:00
11 Plays Today
% Correct
TX
90.2%
CA
89.7%
FL
87.6%
WA
87.5%
ND
87.3%
OR
86.7%
NM
86.4%
SD
86.2%
NV
86%
MT
85.9%
AZ
85.7%
NY
85.6%
ME
84.6%
ID
84.3%
SC
84.3%
LA
84.3%
GA
84.2%
OK
83.8%
NC
83.8%
TN
83.7%
PA
83.7%
UT
83.5%
VA
82.7%
MN
82.7%
% Correct
MI
82.6%
WV
81.8%
KY
81.3%
CO
81.3%
IL
81.2%
WY
81.1%
KS
80.8%
MS
80.8%
AL
80.7%
OH
80.6%
AR
79.7%
IN
79.5%
NJ
79.4%
NE
78.6%
IA
78.6%
MO
78.5%
MA
78.4%
WI
78.3%
MD
78%
VT
77.8%
NH
76.7%
CT
75.9%
RI
74.1%
DE
70.5%

You're not logged in!

Compare scores with friends on all Sporcle quizzes.
OR
Log In

You Might Also Like...

Show Comments

Extras

Top Quizzes Today


Score Distribution

Your Account Isn't Verified!

In order to create a playlist on Sporcle, you need to verify the email address you used during registration. Go to your Sporcle Settings to finish the process.

Report this User

Report this user for behavior that violates our Community Guidelines.

Details: